[Event "Winnipeg TNT July op"]
[Site "Winnipeg CAN"]
[Date "2008.07.15"]
[Round "2"]
[White "Wiebe, Daniel"]
[Black "Letain, Cory"]
[Result "1/2-1/2"]
[WhiteElo "1851"]
[BlackElo "1500"]
[PlyCount "52"]
[GameId "2160767910354342"]
[EventDate "2008.07.08"]
[EventType "swiss"]
[EventRounds "4"]
[EventCountry "CAN"]
[SourceTitle "EXT 2011"]
[Source "ChessBase"]
[SourceDate "2011.11.26"]
[SourceVersion "1"]
[SourceVersionDate "2011.11.26"]
[SourceQuality "1"]

1. e4 e5 2. Nf3 Nf6 3. Nc3 Nc6 4. d4 exd4 5. Nxd4 Bb4 6. Qd3 Ne5 7. Qe3 O-O 8. f4 Bxc3+ 9. bxc3 Nc6 10. Bd3 Re8 11. O-O Nxe4 12. Bxe4 d5 13. Nxc6 bxc6 14. Rd1 Bf5 15. Qc5 Bxe4 16. Qxc6 Qc8 17. h3 Re6 18. Qa4 Ra6 19. Qd4 Rg6 20. g4 Rxg4+ 21. hxg4 Qxg4+ 22. Kf2 Qf3+ 23. Ke1 Qh1+ 24. Kd2 Qg2+ 25. Ke3 Qf3+ 26. Kd2 Qg2+ 1/2-1/2

[Event "Winnipeg TNT July op"]
[Site "Winnipeg CAN"]
[Date "2008.07.22"]
[Round "3"]
[White "Campbell, Gary"]
[Black "Wasserman, Leor"]
[Result "1-0"]
[WhiteElo "1637"]
[BlackElo "1494"]
[PlyCount "49"]
[GameId "2160767910354343"]
[EventDate "2008.07.08"]
[EventType "swiss"]
[EventRounds "4"]
[EventCountry "CAN"]
[SourceTitle "EXT 2011"]
[Source "ChessBase"]
[SourceDate "2011.11.26"]
[SourceVersion "1"]
[SourceVersionDate "2011.11.26"]
[SourceQuality "1"]

1. d4 d5 2. c4 c6 3. Nf3 Nf6 4. Nc3 dxc4 5. a4 Nd5 6. e4 Nxc3 7. bxc3 Bg4 8. Bxc4 e6 9. Be2 Be7 10. Qb3 Qc7 11. Bf4 Bd6 12. Bxd6 Qxd6 13. Qxb7 O-O 14. Qxa8 Qc7 15. Rb1 Nd7 16. Qb7 Qd6 17. e5 Qe7 18. Qc7 Bxf3 19. Bxf3 Qa3 20. Qxc6 Nb6 21. O-O Rc8 22. Rxb6 Rxc6 23. Rb8+ Qf8 24. Rxf8+ Kxf8 25. Bxc6 1-0

[Event "Winnipeg TNT July op"]
[Site "Winnipeg CAN"]
[Date "2008.07.22"]
[Round "3"]
[White "Charter, Bennet"]
[Black "Trueman, Francis"]
[Result "1-0"]
[WhiteElo "1722"]
[BlackElo "1489"]
[PlyCount "62"]
[GameId "2160767910354344"]
[EventDate "2008.07.08"]
[EventType "swiss"]
[EventRounds "4"]
[EventCountry "CAN"]
[SourceTitle "EXT 2011"]
[Source "ChessBase"]
[SourceDate "2011.11.26"]
[SourceVersion "1"]
[SourceVersionDate "2011.11.26"]
[SourceQuality "1"]

1. e4 d6 2. d4 Nd7 3. Nf3 e5 4. Bc4 h6 5. h3 Ngf6 6. Nc3 g6 7. dxe5 dxe5 8. O-O Bg7 9. Be3 O-O 10. Qe2 c6 11. Rad1 Qc7 12. Bb3 a5 13. a4 b6 14. Rd2 Ba6 15. Bc4 Bxc4 16. Qxc4 Rad8 17. Rfd1 Nb8 18. Rxd8 Rxd8 19. Rxd8+ Qxd8 20. Nxe5 Qc7 21. Nxg6 Qd8 22. Nf4 Qc7 23. Nd3 Nfd7 24. Bf4 Qd8 25. e5 Qe7 26. Qe4 Qe6 27. Qe3 Na6 28. Ne2 Nc7 29. Nd4 Qa2 30. Bxh6 Ne8 31. Bxg7 Nxg7 1-0

[Event "Winnipeg TNT July op"]
[Site "Winnipeg CAN"]
[Date "2008.07.22"]
[Round "3"]
[White "Klokow, John"]
[Black "Wiebe, Daniel"]
[Result "1-0"]
[WhiteElo "1737"]
[BlackElo "1851"]
[PlyCount "101"]
[GameId "2160767910354346"]
[EventDate "2008.07.08"]
[EventType "swiss"]
[EventRounds "4"]
[EventCountry "CAN"]
[SourceTitle "EXT 2011"]
[Source "ChessBase"]
[SourceDate "2011.11.26"]
[SourceVersion "1"]
[SourceVersionDate "2011.11.26"]
[SourceQuality "1"]

1. e4 c5 2. Nf3 d6 3. d4 cxd4 4. Nxd4 Nf6 5. Nc3 a6 6. Bc4 e5 7. Nde2 Be7 8. O-O O-O 9. a4 Nbd7 10. Bg5 Qc7 11. Ba2 Re8 12. Ng3 h6 13. Be3 Nc5 14. f3 Bd7 15. a5 Rac8 16. Qd2 Na4 17. Nxa4 Bxa4 18. c3 Qxa5 19. Bxh6 gxh6 20. Qxh6 Qb6+ 21. Kh1 d5 22. Nh5 Nxh5 23. Qxb6 Bc5 24. Qh6 Ng3+ 25. hxg3 Re6 26. Qh3 Kg7 27. Bxd5 Rh6 28. Rxa4 Rch8 29. Bxb7 Rxh3+ 30. gxh3 Rxh3+ 31. Kg2 Rh6 32. Rxa6 Rh8 33. Bd5 f6 34. b4 Be3 35. b5 Rb8 36. Rb1 Bb6 37. c4 Kf8 38. Ra8 Rxa8 39. Bxa8 Ke7 40. Rd1 Ke8 41. Bc6+ Ke7 42. Kh3 Ke6 43. Kg4 Bc5 44. f4 Bd4 45. f5+ Ke7 46. Kh5 Kf7 47. g4 Be3 48. Rd7+ Kg8 49. Kg6 Bc5 50. Rd8+ Bf8 51. Bd5+ 1-0

[Event "Winnipeg TNT July op"]
[Site "Winnipeg CAN"]
[Date "2008.07.22"]
[Round "3"]
[White "Lauritson, Jim"]
[Black "Wasserman, Arie"]
[Result "1-0"]
[WhiteElo "1969"]
[BlackElo "1634"]
[PlyCount "41"]
[GameId "2160767910354347"]
[EventDate "2008.07.08"]
[EventType "swiss"]
[EventRounds "4"]
[EventCountry "CAN"]
[SourceTitle "EXT 2011"]
[Source "ChessBase"]
[SourceDate "2011.11.26"]
[SourceVersion "1"]
[SourceVersionDate "2011.11.26"]
[SourceQuality "1"]

1. d4 d5 2. c4 Nf6 3. cxd5 Nxd5 4. e4 Nf6 5. Nc3 Bg4 6. f3 Bh5 7. Qb3 b6 8. Bf4 a6 9. d5 Nbd7 10. Qa4 Qc8 11. Qc6 Kd8 12. e5 Ne8 13. Nge2 Nc5 14. Nd4 Qb7 15. b4 Qxc6 16. Nxc6+ Kc8 17. bxc5 bxc5 18. Rb1 e6 19. Bxa6+ Rxa6 20. Rb8+ Kd7 21. Rd8# 1-0

[Event "Winnipeg TNT July op"]
[Site "Winnipeg CAN"]
[Date "2008.07.22"]
[Round "3"]
[White "Letain, Cory"]
[Black "Bince, Rolando"]
[Result "0-1"]
[WhiteElo "1500"]
[BlackElo "1952"]
[PlyCount "42"]
[GameId "2160767910354348"]
[EventDate "2008.07.08"]
[EventType "swiss"]
[EventRounds "4"]
[EventCountry "CAN"]
[SourceTitle "EXT 2011"]
[Source "ChessBase"]
[SourceDate "2011.11.26"]
[SourceVersion "1"]
[SourceVersionDate "2011.11.26"]
[SourceQuality "1"]

1. d4 Nf6 2. c4 g6 3. Nc3 Bg7 4. e4 d6 5. f4 c5 6. d5 e5 7. Nf3 exf4 8. Bxf4 Nh5 9. Bd2 Bg4 10. Be2 Bxf3 11. Bxf3 Qh4+ 12. Ke2 O-O 13. g3 Qe7 14. Bxh5 gxh5 15. Kd3 Nd7 16. Bf4 Ne5+ 17. Bxe5 Qxe5 18. Qe2 b5 19. cxb5 a6 20. Kc2 axb5 21. Nxb5 Qxb2+ 0-1

[Event "Winnipeg TNT July op"]
[Site "Winnipeg CAN"]
[Date "2008.07.22"]
[Round "3"]
[White "Mundwiler, Les"]
[Black "Green, Aaron"]
[Result "1/2-1/2"]
[WhiteElo "2030"]
[BlackElo "1674"]
[PlyCount "98"]
[GameId "2160767910354350"]
[EventDate "2008.07.08"]
[EventType "swiss"]
[EventRounds "4"]
[EventCountry "CAN"]
[SourceTitle "EXT 2011"]
[Source "ChessBase"]
[SourceDate "2011.11.26"]
[SourceVersion "1"]
[SourceVersionDate "2011.11.26"]
[SourceQuality "1"]

1. c4 Nf6 2. Nc3 g6 3. e4 d6 4. h3 Bg7 5. Nge2 O-O 6. d3 Nc6 7. g3 e5 8. Bg2 Nd7 9. g4 Nc5 10. Be3 Nd4 11. Qd2 a5 12. O-O f5 13. Bg5 Bf6 14. Bh6 Bg7 15. exf5 gxf5 16. Bd5+ Be6 17. Nxd4 exd4 18. Ne2 Qf6 19. g5 Bxh6 20. gxh6 Kf7 21. Kh2 Bxd5 22. cxd5 b6 23. Rad1 Nd7 24. Ng3 Ne5 25. Qf4 Ke7 26. Rg1 Ng6 27. Qc1 Rac8 28. Rde1+ Kf7 29. Qd1 Rce8 30. Qh5 Kg8 31. Rxe8 Rxe8 32. Qxf5 Rf8 33. Qxf6 Rxf6 34. Ne4 Rf5 35. Rc1 Rf7 36. Rc2 Nf4 37. Ng5 Re7 38. Ne6 Nxd5 39. Nxd4 Nb4 40. Rd2 Nxa2 41. f4 c5 42. Nf5 Rf7 43. Nxd6 Rxf4 44. Re2 Rf6 45. Re8+ Rf8 46. Re7 Rf6 47. Re8+ Rf8 48. Re6 Nb4 49. Re3 Rf6 1/2-1/2

[Event "Winnipeg TNT July op"]
[Site "Winnipeg CAN"]
[Date "2008.07.22"]
[Round "3"]
[White "Rutter, Blair"]
[Black "Kernetsky, Myron"]
[Result "1-0"]
[WhiteElo "1874"]
[BlackElo "1992"]
[PlyCount "47"]
[GameId "2160767910354351"]
[EventDate "2008.07.08"]
[EventType "swiss"]
[EventRounds "4"]
[EventCountry "CAN"]
[SourceTitle "EXT 2011"]
[Source "ChessBase"]
[SourceDate "2011.11.26"]
[SourceVersion "1"]
[SourceVersionDate "2011.11.26"]
[SourceQuality "1"]

1. d4 d5 2. c4 c6 3. Nc3 Nf6 4. Nf3 dxc4 5. e4 b5 6. Bg5 Bb7 7. Be2 a6 8. a3 g6 9. O-O Bg7 10. Qd2 O-O 11. Rad1 Nbd7 12. Bh6 Re8 13. Bxg7 Kxg7 14. Qg5 Nf8 15. h4 Ne6 16. Qg3 Qc7 17. e5 Nd5 18. Nxd5 cxd5 19. h5 a5 20. Nh4 Qb6 21. Kh1 Ra6 22. f4 Nxd4 23. Rxd4 Qxd4 24. Nf5+ 1-0

[Event "Winnipeg TNT July op"]
[Site "Winnipeg CAN"]
[Date "2008.07.22"]
[Round "3"]
[White "Swift, Ryne"]
[Black "Van Wyk, Joseph"]
[Result "0-1"]
[WhiteElo "1331"]
[BlackElo "2040"]
[PlyCount "89"]
[GameId "2160767910354352"]
[EventDate "2008.07.08"]
[EventType "swiss"]
[EventRounds "4"]
[EventCountry "CAN"]
[SourceTitle "EXT 2011"]
[Source "ChessBase"]
[SourceDate "2011.11.26"]
[SourceVersion "1"]
[SourceVersionDate "2011.11.26"]
[SourceQuality "1"]

1. e4 c6 2. d4 d5 3. Nc3 dxe4 4. Nxe4 Bf5 5. Ng3 Bg6 6. Nf3 e6 7. Bc4 Nd7 8. O-O Bd6 9. c3 Qc7 10. Bd2 Ngf6 11. Re1 O-O-O 12. b4 e5 13. dxe5 Nxe5 14. Nxe5 Bxe5 15. Qc1 h5 16. f4 Bd6 17. h3 h4 18. Ne2 Rhe8 19. Be3 Nh5 20. Rf1 Qe7 21. f5 Bh7 22. Bg5 Nf6 23. Bxh4 Qe4 24. Nd4 Qxh4 25. Bxf7 Re4 26. Rf3 Bg8 27. Bb3 Bg3 28. Qa3 Bb8 29. b5 Re1+ 30. Rf1 Rxa1 31. Rxa1 Rxd4 32. Be6+ Bxe6 33. fxe6 Rd2 34. Qf8+ Kc7 35. Qxg7+ Kb6 36. Rf1 Qg3 37. Qxg3 Bxg3 38. Rxf6 Kxb5 39. Kf1 Rxa2 40. Rf5+ Kc4 41. h4 Ra1+ 42. Ke2 Re1+ 43. Kf3 Rf1+ 44. Kg4 Rxf5 45. Kxf5 0-1

[Event "Winnipeg TNT July op"]
[Site "Winnipeg CAN"]
[Date "2008.07.29"]
[Round "4"]
[White "Bince, Rolando"]
[Black "Rutter, Blair"]
[Result "1-0"]
[WhiteElo "1952"]
[BlackElo "1874"]
[PlyCount "149"]
[GameId "2160767910354353"]
[EventDate "2008.07.08"]
[EventType "swiss"]
[EventRounds "4"]
[EventCountry "CAN"]
[SourceTitle "EXT 2011"]
[Source "ChessBase"]
[SourceDate "2011.11.26"]
[SourceVersion "1"]
[SourceVersionDate "2011.11.26"]
[SourceQuality "1"]

1. e4 e6 2. d4 d5 3. Nc3 Nf6 4. Bg5 Be7 5. e5 Nfd7 6. h4 c5 7. Nb5 O-O 8. Bxe7 Qxe7 9. Nc7 cxd4 10. Nxa8 Nc6 11. Nf3 Qb4+ 12. Qd2 Qxb2 13. Rd1 Nc5 14. Bd3 Bd7 15. Nc7 a6 16. O-O Rc8 17. Nxa6 bxa6 18. Rb1 Qa3 19. Rb6 Ne4 20. Qf4 f5 21. exf6 Nxf6 22. Ne5 Qd6 23. Re1 Rf8 24. Qh2 Qc7 25. Rb3 Nxe5 26. Qxe5 Qa5 27. f3 Qd2 28. Qe2 Qf4 29. Qe5 Qxh4 30. Rbb1 a5 31. Qh2 Qg5 32. Re5 Qd2 33. g4 Qxh2+ 34. Kxh2 Rc8 35. Kg3 h6 36. Bg6 Kf8 37. Rb7 Ke7 38. Bd3 Kd6 39. Re1 e5 40. Reb1 e4 41. R1b6+ Rc6 42. Be2 Kc5 43. Rxc6+ Kxc6 44. Ra7 Kb6 45. Ra6+ Kc5 46. Rxa5+ Kb4 47. Ra7 Kc3 48. Rc7+ Kd2 49. Kf2 g5 50. Ra7 Kxc2 51. Ra6 Ne8 52. Ra7 Nf6 53. Ra6 e3+ 54. Ke1 Ne8 55. Ra3 Nd6 56. Bd3+ Kb2 57. Rb3+ Kxa2 58. Rb4 Nc4 59. Bxc4+ dxc4 60. Rxc4 d3 61. Re4 e2 62. Kd2 Bb5 63. Re6 Kb3 64. Rxh6 e1=Q+ 65. Kxe1 Kc3 66. Rd6 Ba4 67. Rd8 Bb3 68. Rc8+ Kd4 69. Kd2 Bc2 70. Rg8 Ke5 71. Rxg5+ Kf4 72. Rf5+ Kg3 73. g5 Kh4 74. g6 Bb3 75. g7 1-0

[Event "Winnipeg TNT July op"]
[Site "Winnipeg CAN"]
[Date "2008.07.29"]
[Round "4"]
[White "Goodman, Clifford"]
[Black "Charter, Bennet"]
[Result "1/2-1/2"]
[WhiteElo "1640"]
[BlackElo "1722"]
[PlyCount "81"]
[GameId "2160767910354354"]
[EventDate "2008.07.08"]
[EventType "swiss"]
[EventRounds "4"]
[EventCountry "CAN"]
[SourceTitle "EXT 2011"]
[Source "ChessBase"]
[SourceDate "2011.11.26"]
[SourceVersion "1"]
[SourceVersionDate "2011.11.26"]
[SourceQuality "1"]

1. c4 Nf6 2. g3 g6 3. Bg2 d5 4. cxd5 Nxd5 5. Nc3 Nb6 6. d3 Bg7 7. Be3 O-O 8. Qd2 Re8 9. Bh6 Bh8 10. h4 N8d7 11. h5 Nf6 12. hxg6 fxg6 13. O-O-O c6 14. Ne4 Nbd5 15. Nf3 Qb6 16. Ne5 Nxe4 17. Bxe4 Bxe5 18. f4 Bf6 19. f5 Ne3 20. fxg6 Qxb2+ 21. Qxb2 Bxb2+ 22. Kxb2 Nxd1+ 23. Rxd1 hxg6 24. Bxg6 Rd8 25. Rf1 Be6 26. Bg5 Kg7 27. Bxe7 Rd7 28. Bh4 Bg4 29. Bf5 Bxf5 30. Rxf5 Rf7 31. Rxf7+ Kxf7 32. e3 Ke6 33. Kc3 Kd6 34. Bg5 Ke6 35. d4 Rc8 36. Kc4 b6 37. a4 a6 38. Bf4 b5+ 39. Kb4 a5+ 40. Kxa5 Ra8+ 41. Kb6 1/2-1/2

[Event "Winnipeg TNT July op"]
[Site "Winnipeg CAN"]
[Date "2008.07.29"]
[Round "4"]
[White "Green, Aaron"]
[Black "Swift, Ryne"]
[Result "1-0"]
[WhiteElo "1674"]
[BlackElo "1331"]
[PlyCount "135"]
[GameId "2160767910354355"]
[EventDate "2008.07.08"]
[EventType "swiss"]
[EventRounds "4"]
[EventCountry "CAN"]
[SourceTitle "EXT 2011"]
[Source "ChessBase"]
[SourceDate "2011.11.26"]
[SourceVersion "1"]
[SourceVersionDate "2011.11.26"]
[SourceQuality "1"]

1. e4 e5 2. Nf3 Nc6 3. Bb5 a6 4. Bxc6 dxc6 5. O-O f6 6. d4 exd4 7. Qxd4 Qxd4 8. Nxd4 Bc5 9. Nb3 Bb6 10. a4 a5 11. Bf4 Ne7 12. N1d2 Ng6 13. Bg3 Be6 14. Rfe1 O-O 15. Kh1 Rae8 16. Nf3 Rd8 17. Rad1 Kf7 18. Nbd4 Bg4 19. Nb3 Rxd1 20. Rxd1 Ke7 21. h3 Bxf3 22. gxf3 Rd8 23. Rxd8 Kxd8 24. f4 Ke7 25. Kg2 Kd6 26. Kf3 c5 27. c4 Ne7 28. Ke3 Nc6 29. e5+ Ke6 30. Ke4 Nd4 31. Nxd4+ cxd4 32. f5+ Ke7 33. e6 g6 34. fxg6 hxg6 35. f3 Kxe6 36. f4 c5 37. h4 Bc7 38. Be1 b6 39. b3 d3 40. Bd2 Bd6 41. Bc1 f5+ 42. Kxd3 Be7 43. Bb2 Bxh4 44. Bc1 Kf7 45. Bb2 g5 46. fxg5 Bxg5 47. Be5 Bd8 48. Ke3 Ke6 49. Bb8 Kf6 50. Kf4 Kg6 51. Kf3 Kg5 52. Be5 Kh4 53. Kf4 Kh3 54. Kxf5 Kg2 55. Ke6 Kf3 56. Kd7 Bg5 57. Bc7 Ke2 58. Bxb6 Kd3 59. Bxa5 Kc2 60. Bb6 Kxb3 61. a5 Kxc4 62. Kc6 Kb4 63. a6 c4 64. a7 c3 65. a8=Q c2 66. Qa5+ Kb3 67. Qxg5 Kb2 68. Be3 1-0

[Event "Winnipeg TNT July op"]
[Site "Winnipeg CAN"]
[Date "2008.07.29"]
[Round "4"]
[White "Kernetsky, Myron"]
[Black "Klokow, John"]
[Result "1/2-1/2"]
[WhiteElo "1992"]
[BlackElo "1737"]
[PlyCount "88"]
[GameId "2160767910354356"]
[EventDate "2008.07.08"]
[EventType "swiss"]
[EventRounds "4"]
[EventCountry "CAN"]
[SourceTitle "EXT 2011"]
[Source "ChessBase"]
[SourceDate "2011.11.26"]
[SourceVersion "1"]
[SourceVersionDate "2011.11.26"]
[SourceQuality "1"]

1. d4 d5 2. c4 c6 3. Nf3 Nf6 4. Nc3 e6 5. e3 Bb4 6. Bd2 O-O 7. Bd3 dxc4 8. Bxc4 Nbd7 9. O-O Nb6 10. Be2 Nbd5 11. Nxd5 Nxd5 12. e4 Bxd2 13. exd5 Ba5 14. dxc6 bxc6 15. Qc2 Bb7 16. Rfd1 Rc8 17. Rac1 Qf6 18. Qe4 Rfd8 19. Ne5 Bb6 20. Rc3 Qf5 21. Qh4 c5 22. Bd3 Qf6 23. Qxh7+ Kf8 24. Bb5 Qxe5 25. dxe5 Rxd1+ 26. Bf1 Ba6 27. Qh8+ Ke7 28. Qh4+ Kf8 29. Rc4 Rcd8 30. g3 R8d4 31. Rxd4 Rxf1+ 32. Kg2 cxd4 33. Qh8+ Ke7 34. Qxg7 Be2 35. Qf6+ Ke8 36. Qh8+ Kd7 37. Qf8 d3 38. Qxf7+ Kd8 39. Qf8+ Kc7 40. Qe7+ Kc6 41. Qxe6+ Kb7 42. Qd7+ Ka6 43. Qa4+ Kb7 44. Qd7+ Ka6 1/2-1/2

[Event "Winnipeg TNT July op"]
[Site "Winnipeg CAN"]
[Date "2008.07.29"]
[Round "4"]
[White "Trueman, Francis"]
[Black "Letain, Cory"]
[Result "1-0"]
[WhiteElo "1489"]
[BlackElo "1500"]
[PlyCount "67"]
[GameId "2160767910354358"]
[EventDate "2008.07.08"]
[EventType "swiss"]
[EventRounds "4"]
[EventCountry "CAN"]
[SourceTitle "EXT 2011"]
[Source "ChessBase"]
[SourceDate "2011.11.26"]
[SourceVersion "1"]
[SourceVersionDate "2011.11.26"]
[SourceQuality "1"]

1. Nf3 Nf6 2. d3 d5 3. Nbd2 Nc6 4. g3 e5 5. e4 Bc5 6. h3 O-O 7. Bg2 Be6 8. O-O Qd7 9. Kh2 a6 10. Ng5 h6 11. Nxe6 Qxe6 12. Rg1 h5 13. Nf1 Be7 14. Kh1 Nb8 15. Nh2 Nbd7 16. Bf3 Qxh3 17. Bg5 Qe6 18. g4 Nxg4 19. Bxg4 hxg4 20. Bxe7 Qxe7 21. Qxg4 g6 22. Rg2 Kg7 23. Nf3 Rh8+ 24. Kg1 Nf6 25. Qg3 Rae8 26. Nh4 Nh5 27. Nf5+ Kf8 28. Nxe7 Nxg3 29. Nxg6+ fxg6 30. Rxg3 Kg7 31. Kg2 Rh6 32. Rh3 Rxh3 33. Kxh3 Kh6 34. Kh4 1-0

[Event "Winnipeg TNT July op"]
[Site "Winnipeg CAN"]
[Date "2008.07.29"]
[Round "4"]
[White "Van Wyk, Joseph"]
[Black "Lauritson, Jim"]
[Result "1-0"]
[WhiteElo "2040"]
[BlackElo "1969"]
[PlyCount "43"]
[GameId "2160767910354359"]
[EventDate "2008.07.08"]
[EventType "swiss"]
[EventRounds "4"]
[EventCountry "CAN"]
[SourceTitle "EXT 2011"]
[Source "ChessBase"]
[SourceDate "2011.11.26"]
[SourceVersion "1"]
[SourceVersionDate "2011.11.26"]
[SourceQuality "1"]

1. e4 c5 2. c3 Nf6 3. e5 Nd5 4. d4 cxd4 5. cxd4 d6 6. f4 e6 7. Nf3 Be7 8. Nc3 Nxc3 9. bxc3 Qc7 10. Bd2 b6 11. Bd3 O-O 12. Qe2 Nc6 13. O-O Bd7 14. Rac1 f6 15. Qe4 f5 16. Qe2 Rad8 17. Be1 d5 18. c4 dxc4 19. Bxc4 b5 20. Bxb5 Nxd4 21. Rxc7 Nxe2+ 22. Bxe2 1-0

[Event "Winnipeg TNT July op"]
[Site "Winnipeg CAN"]
[Date "2008.07.29"]
[Round "4"]
[White "Wasserman, Arie"]
[Black "Campbell, Gary"]
[Result "0-1"]
[WhiteElo "1634"]
[BlackElo "1637"]
[PlyCount "66"]
[GameId "2160767910354360"]
[EventDate "2008.07.08"]
[EventType "swiss"]
[EventRounds "4"]
[EventCountry "CAN"]
[SourceTitle "EXT 2011"]
[Source "ChessBase"]
[SourceDate "2011.11.26"]
[SourceVersion "1"]
[SourceVersionDate "2011.11.26"]
[SourceQuality "1"]

1. e4 c5 2. Nf3 Nc6 3. Nc3 Nf6 4. Bc4 e6 5. O-O a6 6. a4 d5 7. exd5 exd5 8. Re1+ Be7 9. Be2 O-O 10. d4 cxd4 11. Nxd4 Bc5 12. Be3 Qb6 13. Nxc6 bxc6 14. Bxc5 Qxc5 15. h3 Rb8 16. Rb1 Qb4 17. Bf3 Bf5 18. Re5 Bd7 19. Qd3 Qd6 20. Ree1 a5 21. Ne4 Nxe4 22. Rxe4 Bf5 23. g4 Bxe4 24. Bxe4 Qh6 25. Bg2 Qf6 26. b3 Rfe8 27. Qa6 Qc3 28. Rc1 Rxb3 29. cxb3 Qxc1+ 30. Kh2 Qc5 31. Kg1 g6 32. Qb7 Re1+ 33. Kh2 Qd6+ 0-1

[Event "Winnipeg TNT July op"]
[Site "Winnipeg CAN"]
[Date "2008.07.29"]
[Round "4"]
[White "Wiebe, Daniel"]
[Black "Wasserman, Leor"]
[Result "1-0"]
[WhiteElo "1851"]
[BlackElo "1494"]
[PlyCount "49"]
[GameId "2160767910354361"]
[EventDate "2008.07.08"]
[EventType "swiss"]
[EventRounds "4"]
[EventCountry "CAN"]
[SourceTitle "EXT 2011"]
[Source "ChessBase"]
[SourceDate "2011.11.26"]
[SourceVersion "1"]
[SourceVersionDate "2011.11.26"]
[SourceQuality "1"]

1. e4 e5 2. Nf3 Nc6 3. Bc4 Bc5 4. Nc3 Nf6 5. a3 O-O 6. d3 h6 7. Be3 Bxe3 8. fxe3 d6 9. Qe2 Bg4 10. O-O-O a6 11. h3 Be6 12. g4 Bxc4 13. dxc4 Qd7 14. Rdg1 Na7 15. g5 hxg5 16. Rxg5 b5 17. Rhg1 g6 18. Nd5 Nxd5 19. exd5 Rab8 20. Nh4 Kh8 21. Qh5+ Kg7 22. Nxg6 f6 23. Nxf8+ Kxf8 24. Qh8+ Kf7 25. Rg7# 1-0

[Event "Winnipeg TNT June op"]
[Site "Winnipeg CAN"]
[Date "2008.06.03"]
[Round "1"]
[White "Babb, Jeff"]
[Black "Klokow, John"]
[Result "1-0"]
[WhiteElo "2177"]
[BlackElo "1760"]
[PlyCount "59"]
[GameId "2160767910354471"]
[EventDate "2008.06.03"]
[EventType "swiss"]
[EventRounds "4"]
[EventCountry "CAN"]
[SourceTitle "EXT 2011"]
[Source "ChessBase"]
[SourceDate "2011.11.26"]
[SourceVersion "1"]
[SourceVersionDate "2011.11.26"]
[SourceQuality "1"]

1. d4 d5 2. c4 dxc4 3. Nf3 Nf6 4. e3 e6 5. Bxc4 a6 6. O-O c5 7. Qe2 Nc6 8. Rd1 cxd4 9. exd4 Be7 10. Nc3 O-O 11. d5 exd5 12. Nxd5 Nxd5 13. Bxd5 Qc7 14. Bg5 Bxg5 15. Nxg5 Bf5 16. Qf3 Bg6 17. Rac1 Rad8 18. h4 Qe5 19. Bxc6 Rxd1+ 20. Qxd1 bxc6 21. Rxc6 Qxb2 22. Rxa6 h6 23. Nf3 Rc8 24. Qd4 Rc1+ 25. Kh2 Qb8+ 26. Qe5 Qb7 27. Qe8+ Kh7 28. Ra8 Be4 29. Rb8 Qc7+ 30. Ne5 1-0

[Event "Winnipeg TNT June op"]
[Site "Winnipeg CAN"]
[Date "2008.06.03"]
[Round "1"]
[White "Green, Aaron"]
[Black "Nikouline, Alexandre"]
[Result "0-1"]
[WhiteElo "1676"]
[BlackElo "2135"]
[PlyCount "144"]
[GameId "2160767910354472"]
[EventDate "2008.06.03"]
[EventType "swiss"]
[EventRounds "4"]
[EventCountry "CAN"]
[SourceTitle "EXT 2011"]
[Source "ChessBase"]
[SourceDate "2011.11.26"]
[SourceVersion "1"]
[SourceVersionDate "2011.11.26"]
[SourceQuality "1"]

1. e4 c5 2. Nf3 Nc6 3. d4 cxd4 4. Nxd4 Nf6 5. Nc3 e5 6. Ndb5 d6 7. a4 Be6 8. f4 a6 9. Na3 exf4 10. Bxf4 Qb6 11. Rb1 Ne5 12. Qd2 Be7 13. Be3 Qb4 14. Qd4 Qxd4 15. Bxd4 Nc6 16. Rd1 Nxd4 17. Rxd4 O-O 18. Bc4 Rac8 19. Nd5 Nxd5 20. Bxd5 Bf6 21. Rb4 Rc7 22. Kf2 a5 23. Rc4 Rfc8 24. b3 Be5 25. g3 Kf8 26. Rd1 Ke7 27. Rxc7+ Rxc7 28. c4 Bg4 29. Rd3 f5 30. Nb5 Rd7 31. Nd4 f4 32. Nf3 Kf6 33. Kg2 g5 34. Ng1 Bh5 35. Nf3 Bg6 36. Nd4 Bxd4 37. Rxd4 Ke5 38. Rd2 Bxe4+ 39. Bxe4 Kxe4 40. gxf4 gxf4 41. Rd5 Ke3 42. Kf1 f3 43. Rxa5 Rg7 44. Rf5 Rg2 45. Rf6 Rb2 46. Re6+ Kf4 47. Rf6+ Ke4 48. Re6+ Kf5 49. Re3 Kf4 50. Rd3 Rxh2 51. Rxd6 Rb2 52. Rd7 h5 53. Rxb7 h4 54. Rf7+ Kg4 55. Rg7+ Kh5 56. Rh7+ Kg5 57. Rf7 h3 58. Rxf3 Rb1+ 59. Ke2 h2 60. Rh3 Rxb3 61. Rxb3 h1=Q 62. Kd2 Kf4 63. a5 Qa1 64. Rd3 Qxa5+ 65. Kc2 Qa2+ 66. Kc3 Qa3+ 67. Kc2 Qb4 68. Rc3 Ke4 69. c5 Kd4 70. Rh3 Qxc5+ 71. Kd2 Qg5+ 72. Ke1 Qg1+ 0-1

[Event "Winnipeg TNT June op"]
[Site "Winnipeg CAN"]
[Date "2008.06.03"]
[Round "1"]
[White "Kernetsky, Myron"]
[Black "Gibson, Fred"]
[Result "1-0"]
[WhiteElo "1924"]
[BlackElo "1325"]
[PlyCount "35"]
[GameId "2160767910354473"]
[EventDate "2008.06.03"]
[EventType "swiss"]
[EventRounds "4"]
[EventCountry "CAN"]
[SourceTitle "EXT 2011"]
[Source "ChessBase"]
[SourceDate "2011.11.26"]
[SourceVersion "1"]
[SourceVersionDate "2011.11.26"]
[SourceQuality "1"]

1. d4 Nf6 2. c4 g6 3. Nc3 Bg7 4. e4 d6 5. Bd3 Nc6 6. Nge2 e5 7. d5 Nd4 8. Bc2 c5 9. dxc6 bxc6 10. Nxd4 exd4 11. Qxd4 O-O 12. O-O Ng4 13. Qd3 f5 14. Qg3 g5 15. exf5 h5 16. h3 Be5 17. f4 Qb6+ 18. Kh1 1-0

[Event "Winnipeg TNT June op"]
[Site "Winnipeg CAN"]
[Date "2008.06.03"]
[Round "1"]
[White "Kuropatwa, Darren"]
[Black "Bince, Rolando"]
[Result "0-1"]
[WhiteElo "1139"]
[BlackElo "1922"]
[PlyCount "86"]
[GameId "2160767910354474"]
[EventDate "2008.06.03"]
[EventType "swiss"]
[EventRounds "4"]
[EventCountry "CAN"]
[SourceTitle "EXT 2011"]
[Source "ChessBase"]
[SourceDate "2011.11.26"]
[SourceVersion "1"]
[SourceVersionDate "2011.11.26"]
[SourceQuality "1"]

1. e4 c5 2. Nf3 d6 3. g3 Nf6 4. Nc3 Bg4 5. Bg2 Nc6 6. h3 Bh5 7. g4 Bg6 8. O-O Nxe4 9. Nd5 e6 10. Nf4 Be7 11. d3 Nf6 12. Nxg6 hxg6 13. Ng5 d5 14. b3 Nd7 15. f4 Bf6 16. Rb1 Qa5 17. a3 Bd4+ 18. Kh1 Qc7 19. Qe2 Ne7 20. Bb2 Bxb2 21. Rxb2 Nf6 22. c4 Rd8 23. Re1 Qxf4 24. Nxf7 Ne4 25. Nxh8 Ng3+ 26. Kg1 Nxe2+ 27. Rbxe2 Kd7 28. Rf1 Qd4+ 29. Ref2 Rxh8 30. Kh2 Qxg4 31. Rf7 Qd4 32. Rxg7 Qxg7 33. Rd1 Qe5+ 34. Kg1 Qg3 35. d4 Rxh3 36. dxc5 Rh2 37. Rd2 Qe3+ 38. Rf2 Rxg2+ 39. Kxg2 Nf5 40. cxd5 exd5 41. b4 Qxa3 42. Rd2 d4 43. Kg1 Qxb4 0-1